The Victoria Memorial Hall, Calcutta : (Record no. 135157)

MARC details
000 -LEADER
fixed length control field 00812nam a22002417a 4500
005 - DATE AND TIME OF LATEST TRANSACTION
control field 20170124110241.0
010 ## - LIBRARY OF CONGRESS CONTROL NUMBER
LC control number A-943448
020 ## - INTERNATIONAL STANDARD BOOK NUMBER
Terms of availability 1850.00
International Standard Book Number 8185026386
035 ## - SYSTEM CONTROL NUMBER
System control number A-943448
037 ## - SOURCE OF ACQUISITION
Source of stock number/acquisition Cen Lib/Ret
040 ## - CATALOGING SOURCE
Original cataloging agency DPL
Language of cataloging EN
082 ## - DEWEY DECIMAL CLASSIFICATION NUMBER
Classification number 725.940954
Item number VIC
245 ## - TITLE STATEMENT
Title The Victoria Memorial Hall, Calcutta :
Statement of responsibility, etc edited by Philippa Vaughan
Remainder of title conception, collections, conservation /
246 ## - VARYING FORM OF TITLE
Remainder of title
260 ## - PUBLICATION, DISTRIBUTION, ETC. (IMPRINT)
Place of publication, distribution, etc Mumbai
Name of publisher, distributor, etc Marg Publications
Date of publication, distribution, etc 1977
270 ## - ADDRESS
City Bombay
Address 148, Mahatama Gandhi road
Postal code 400001
300 ## - PHYSICAL DESCRIPTION
Extent x160p. :
Dimensions 32cm(Hb)
Other physical details ill.
500 ## - GENERAL NOTE
General note Includes bibliographical references and index
650 ## - SUBJECT ADDED ENTRY--TOPICAL TERM
Topical term or geographic name as entry element Art, European -- 19th century.
9 (RLIN) 94820
650 ## - SUBJECT ADDED ENTRY--TOPICAL TERM
Topical term or geographic name as entry element Art -- India.
9 (RLIN) 39034
700 ## - ADDED ENTRY--PERSONAL NAME
Personal name Vaughan, Philippa
9 (RLIN) 94821
942 ## - ADDED ENTRY ELEMENTS (KOHA)
Source of classification or shelving scheme Dewey Decimal Classification
Koha item type English Books
Classification part 725.940954
Call number suffix VIC
Holdings
Withdrawn status Lost status Damaged status Not for loan Collection code Home library Current library Date acquired Source of acquisition Cost, normal purchase price Total Checkouts Full call number Barcode Date last seen Copy number Cost, replacement price Price effective from Koha item type
      Not For Loan Reference Central Library Central Library 01/10/2015 Cen Lib/Ret 1850.00   725.940954 VIC A-943448 01/10/2015 1 1850.00 01/10/2015 English Books

© Delhi Public Library
Hit Counter
free hit counter